01805nam a2200409 a 4500001001200000003000800012006001900020007001500039008004100054010001700095020003600112020001800148020001800166040002100184035002100205043001200226050002300238082002100261245016200282260005100444300002300495490005900518490006100577500008700638504005300725533015200778651005200930655002900982700004901011700002101060700003301081710001701114830006001131830006101191856012601252999001701378ebr10230012CaPaEBRm u cr cn|||||||||961113s1997 ilua sb 101 0 eng d z 96050195  z0226261786 (cloth : alk. paper) z9780226261782 z9780226261850 aCaPaEBRcCaPaEBR a(OCoLC)560660359 ae-sw---14aHC375b.W34 1997eb04a330.9485/05922104aThe welfare state in transitionh[electronic resource] :breforming the Swedish model /cedited by Richard B. Freeman, Robert Topel, and Birgitta Swedenborg. aChicago :bUniversity of Chicago Press,c1997. aix, 477 p. :bill.1 aNational Bureau of Economic Research conference report1 aConference report (National Bureau of Economic Research) aA research report presented at a public conference held in Sweden in January 1995. aIncludes bibliographical references and indexes. aElectronic reproduction.bPalo Alto, Calif. :cebrary,d2013.nAvailable via World Wide Web.nAccess may be limited to ebrary affiliated libraries. 0aSwedenxEconomic conditionsy1945-vCongresses. 7aElectronic books.2local1 aFreeman, Richard B.q(Richard Barry),d1943-1 aTopel, Robert H.1 aSwedenborg, Birgitta,d1941-2 aebrary, Inc. 0aNational Bureau of Economic Research conference report. 0aConference report (National Bureau of Economic Research)40uhttp://site.ebrary.com/lib/rucke/Doc?id=10230012zAn electronic book accessible through the World Wide Web; click to view c39260d39260